00733nam a2200253 a 4500001001300000003000900013005001700022008004100039020002300080082001300103100003000116245002300146260003200169300000900201500003500210505001000245650002000255650002800275700003000303902000800333942000700341952011400348999001700462nice12345678IN_TiNIC20260116013658.0050524s1980 lona grp 000 0 eng  a0900860 c85000a823bJAM aJami, Naseeruddin A Rahma aYusuf and Zulaikha aLondonbOctagon Pressc1980 a185p aincludes index and biblioraphy2 aIndex aEnglish-Fiction aFolk Literature-Arabian1 aJami, Naseeruddin A Rahma bSRS cBK 001040708StackRoom-aHMIbHMId2007-06-14g850.00l0o823 JAMp017024r2007-06-14v850.00w2005-05-24yBK c11929d11929